[Event "SRI-ch (Women)"]
[Site "Colombo"]
[Date "2024.03.31"]
[Round "13"]
[White "Gunasekara, KPK Hesara"]
[Black "Abeysinghe, HMH Janandani"]
[Result "1-0"]
[WhiteElo "1638"]
[BlackElo "1750"]
[PlyCount "61"]
[EventDate "2024.03.22"]
[EventType "tourn"]
[EventRounds "13"]
[EventCountry "SRI"]
[SourceTitle "CB15_2024"]
[SourceDate "2024.04.10"]
[SourceVersion "1"]
[SourceVersionDate "2024.04.10"]
[SourceQuality "1"]

1. e4 c5 2. Nf3 d6 3. d4 cxd4 4. Nxd4 Nf6 5. Nc3 g6 6. Be3 Nc6 7. f3 h5 8. Bc4 Bd7 9. Qd2 Bg7 10. 0-0-0 Rc8 11. Bb3 Na5 12. Kb1 Nxb3 13. cxb3 a6 14. Rhe1 0-0 15. Bh6 Kh7 16. Bxg7 Kxg7 17. f4 b5 18. e5 dxe5 19. fxe5 Ng8 20. e6 fxe6 21. Rxe6 Qa5 22. Re5 Rf6 23. Qe3 Rcf8 24. b4 Qxb4 25. Nd5 Qa4 26. b3 Qa3 27. Nxf6 Nxf6 28. Rxe7+ Rf7 29. Rxf7+ Kxf7 30. Re1 Qd6 31. Rf1 1-0